000 00797nam a2200229 a 4500
001 49481
003 BD-RjUL
005 20211209054703.0
008 160821s1952 ii |||| |||| 00| 0 ben d
020 _c: Tk. 2.00
035 _a(BD-RjUL)49600
040 _aBD-RjUL
_bben
_cBD-RjUL
041 _aben
082 _223
_a891.443
_bPOS 1952
100 1 _aপোদ্দার, অরবিন্দ
_9148000
245 1 0 _aশিল্পদৃষ্টি /
_cঅরবিন্দ পোদ্দার
260 _aকলিকাতা :
_bইন্ডিয়ানা লিমিটেড,
_c১৯৫২
300 _a[৪], ১০৭ পৃ. ;
_b১৯ সেমি.
650 _aবাংলা উপন্যাস
_9148001
650 _aBengali Fiction
_9148002
942 _2ddc
_cBK
999 _c49481
_d49481